Geboren in Riga - Statistiken

Allgemein
  • Dieses Quiz wurde 6 mal gespielt
  • Das Durchschnittsergebnis liegt bei 2 aus 20
Antwortstatistiken
Hinweis Antwort % Korrekt
bedeutender deutscher Komiker und Dichter 1909 Heinz Erhardt
83%
Tennisspielerin und French Open Siegerin 1997 Jelena Ostapenko
33%
sowjetischer Regisseur, "Oktober" "Panzerkreuzer Potemkin" 1898 Sergei Eisenstein
33%
seit 2019 lettischer Präsident 1955 Egils Levits
17%
amerikanischer Schauspieler, bekannt durch seine Rolle als Vermieter in den "Spider Man" Filmen 1950 Elya Baskin
17%
lettischer Ministerpräsident von 1990 bis 1993 und erneut von 2007 bis 2009 1951 Ivars Godmanis
17%
deutsch-baltischer Chemienobelpreisträger, "Begründer der physikalischen Chemie" 1853 Wilhelm Ostwald
17%
lettischer Ministerpräsident von 2004 bis 2007 1966 Aigars Kalvitis
0%
ehemaliger Basketballspieler (Golden State Warriors) 1986 Andris Biedrins
0%
Eishockeytorwart, Columbus Blue Jackets 1994 Elvis Merzlikis
0%
lettischer Präsident von 1993 bis 1999 1939 Guntis Ulmanis
0%
amerikanisch-lettischer Miterfinder der Jeans 1834 Jacob W. Davis
0%
lettisch-amerikanischer Informatiker und Turing Award Preisträger 1928 Juris Hartmanis
0%
Rekordtorschütze der lettischen Eishockeynationalmannschaft 1970 Leonids Tambijevs
0%
Eishockeyspieler, Pittsburgh Penguins 1994 Teodors Blugers
0%
lettische Präsidentin von 1999 bis 2007 1937 Vaira Vike-Freiberga
0%
lettischer Ministerpräsident von 2009 bis 2013, seit 2020 EU-Handelskomissar 1971 Valdis Dombrovskis
0%
lettischer Präsident von 2007 bis 2011 1955 Valdis Zatlers
0%
Rekordnationalspieler der lettischen Fußballnationalmannschaft 1971 Vitalijs Astafjevs
0%
Eishockeyspieler und höchster lettischer Pick im NHL Draft, Buffalo Sabres 1994 Zemgus Girgensons
0%
Keine übereinstimmenden Quizze gefunden
Verteilung der Resultate
Anzahl Personen mit jedem Resultat
Perzentil nach korrekt beantworteten Fragen
Ihre Resultats-Entwicklung
Sie haben dieses Quiz noch nicht gespielt